Baby-Sitters Club Characters by Emoji’s - Statistics

General Stats
  • This quiz has been taken 15 times
  • The average score is 8 of 9
Answer Stats
Hint Answer % Correct
👩🏾‍🎨💄✍🏽 Claudia Kishi
100%
👩🏻‍🦰👨‍👩‍👦‍👦8️⃣ Mallory Pike
100%
😸😨👩🏻 Mary Anne Spier
100%
👩🏾💕🤸🏾‍♀️ Jessi Ramsey
91%
🧑🏾👩🏻‍❤️‍💋‍👨🏾🕺🏾 Logan Bruno
91%
⚾️🗣️👩🏽 Kristy Thomas
82%
👩🏼🤑🧑🏼‍❤️‍💋‍🧑🏾 Stacey McGill
82%
👱🏼‍♀️✌🏼😑 Dawn Schafer
73%
❤️⚾️🙄 Shannon Kilbourne
55%
No matching quizzes found
Score Distribution
Percent of People with Each Score
Percentile by Number Answered
Your Score History
You have not taken this quiz